000 00677cam a22002292 4500
001 0000020171
005 20151021151138.0
008 110822s xx 000 0 eng d
020 _a8120329133 :
_cKES 2650
040 _aKABU
_cKABU
050 0 _aQA76.6
_b.T36 2010
100 1 _aTanenbaum, Andrew S.
_@0000148194
245 1 0 _aStructured computer organization /
_cAndrew S. Tanenbaum.
250 _a5th ed.
260 _aDelhi :
_bPHI learning,
_c2006.
300 _axx, 777 p.
300 _e1 CD-ROM.
650 0 _aComputer organization.
_@0000148192
852 1 _9p2650 KES
908 _a110822
950 _@1
999 _c1183
_d1183